Normal view
MARC view
- فريحات، حيدر محمد/م.مشارك محمد سليمان عواد
Entry Personal Name
001 - CONTROL NUMBER
- control field: 41470
003 - CONTROL NUMBER IDENTIFIER
- control field: JO-AjAnu
005 - DATE AND TIME OF LATEST TRANSACTION
- control field: 20230606080904.0
008 - FIXED-LENGTH DATA ELEMENTS
- fixed length control field: 230606|| aca||aabn | a|a d
040 ## - CATALOGING SOURCE
- Original cataloging agency: JO-AjAnu
- Transcribing agency: JO-AjAnu
100 ## - HEADING--PERSONAL NAME
- Personal name: فريحات، حيدر محمد/م.مشارك محمد سليمان عواد
670 ## - SOURCE DATA FOUND
- Source citation: Work cat.: (JO-AjAnu)21251: فريحات، حيدر محمد/م.مشارك محمد سليمان عواد, author, بحوث العمليات النظرية والتطبيق